Van Halen songs from Spanish - Statistics

General Stats
  • This quiz has been taken 36 times
  • The average score is 9 of 18
Answer Stats
Hint Answer % Correct
Erupción Eruption
100%
Calor Para El Profesor Hot For Teacher
78%
Secretos Secrets
78%
Corriendo Con El Diablo Runnin' With The Devil
67%
Guitarras Pequeñas Little Guitars
63%
Salta Jump
56%
Vuelo Español Spanish Fly
56%
El Hombre Del Helado Ice Cream Man
48%
No Estoy Hablando De Amor Ain't Talkin' 'Bout Love
44%
Casa De Dolor House Of Pain
44%
Muerto o Vivo D.O.A.
41%
Pérdida De Control Loss Of Control
41%
Así Eso Es Amor? So This Is Love?
41%
Todos Quieren Un Poco!! Everybody Wants Some!!
30%
Tontos Fools
30%
Calle Mezquina Mean Street
26%
Esperaré I'll Wait
22%
El Bicho Lleno The Full Bug
7%
No matching quizzes found
Score Distribution
Percent of People with Each Score
Percentile by Number Answered
Your Score History
You have not taken this quiz